LEADER 01987nam a2200361 a 4500 001 000000140001 003 CaOOAMICUS 005 20141006143251.0 008 141006s2009 vc af u000 u lat r 020 $a978-88-210-0857-3 040 $aPUL$bita 041 1 $alat$aita 110 2 $aBiblioteca apostolica vaticana.$0(OLS)http://pul/name/211 245 10$aLibrorum Latinorum Bibliothecae Vaticanae index a Nicolao de Maioranis compositus et Fausto Sabeo collatus anno 1533 /$ccurantibus Assunta Di Sante, Antonio Manfredi. 260 $aCittà del Vaticano :$bBiblioteca Apostolica Vaticana,$c2009. 300 $aLXX, 456 p., [5] c. di tav. :$bill. ;$c25 cm 490 1 $aStudi e testi ;$v457 490 1 $aStudi e documenti sulla formazione della Biblioteca apostolica vaticana ;$v07 546 $aIntroduzione in italiano. 610 24$aBiblioteca apostolica vaticana$xManoscritti$xCataloghi.$0(OLS)http://pul/subject/15590 700 1 $aDi Sante, Assunta.$0(OLS)http://pul/name/90261 700 1 $aManfredi, Antonio,$d1961-$0(OLS)http://pul/name/22065 700 1 $aSabeo, Fausto,$d1478-1558.$0(OLS)http://pul/name/90262 700 1 $aMaiorano, Niccolò,$dca. 1491-ca. 1585.$0(OLS)http://pul/name/81101 830 0$aStudi e testi (Biblioteca apostolica vaticana) ;$v457.$0(OLS)http://pul/title/1077 830 0$aStudi e documenti sulla formazione della Biblioteca apostolica vaticana ;$v07.$0(OLS)http://pul/title/36873 850 $aPUL 852 $aPUL$W1$xDP1 Cons. Gen., Altre Classi 1$y22$m158 F 457$j161722$qStampati$B161171$CPULBib$Z2$F161171 $H124734 $82 941 1 $a8 996 $6020$a978-88-210-0857-3 $9(OLS)http://pul/number/156083 996 $6245$aLibrorum Latinorum Bibliothecae Vaticanae index a Nicolao de Maioranis compositus et Fausto Sabeo collatus anno 1533$9(OLS)http://pul/title/177227 996 $6260$aCittà del Vaticano :$bBiblioteca Apostolica Vaticana$9(OLS)http://pul/publisher/48729 LEADER 01738nam a2200385 a 4500 001 000000143651 003 CaOOAMICUS 005 20150527142752.0 008 150527s2015 it u000 u ita r 020 $a978-88-6689-647-0 040 $aPUL$bita 082 04$a348.45 110 1 $aItalia.$0(OLS)http://pul/name/1188 240 10$aCodice penale (2015).$0(OLS)http://pul/title/181746 245 10$aCodice penale e di procedura penale e leggi complementari /$ca cura di Luigi Alibrandi (per il codice penale) ; Piermaria Corso (per il codice di procedura penale) 250 $a41. ed. 260 $aPiacenza :$bCELT La Tribuna,$c©2015. 300 $a2075 p. ;$c19 cm 490 1 $aI codici vigenti 2015 500 $aComprende indici. 500 $aTesto su due colonne. 500 $aSulla cop.: Aggiornato con le norme sull'antiriciclaggio (L. 15/12/2014, n. 186). 630 04$aCodice penale$zItalia.$0(OLS)http://pul/subject/12325 650 4$aDiritto penale$zItalia.$0(OLS)http://pul/subject/10217 700 1 $aAlibrandi, Luigi.$0(OLS)http://pul/name/45474 700 1 $aCorso, Piermaria.$0(OLS)http://pul/name/35334 830 0$aCodici vigenti 2015.$0(OLS)http://pul/title/181748 850 $aPUL 852 $aPUL$W1$xDP2 Diritto e Scienze Sociali 3$y110$m348. 45 COD 3.1.24$j165736$qDDC 21$B166081$CPULBib$Z2$F166081 $H125927 $82 941 1 $a9 996 $6020$a978-88-6689-647-0$9(OLS)http://pul/number/157680 996 $6082$a348.45$9(OLS)http://pul/classification/373 996 $6245$aCodice penale e di procedura penale e leggi complementari$9(OLS)http://pul/title/178222 996 $6260$aPiacenza :$bCELT La Tribuna$9(OLS)http://pul/publisher/83033